Postacie z Paladins - Statystyki

Ogólne statystyki
  • Ten quiz został rozwiązany 151 razy
  • Średni wynik to 27 z 44
Statystyki odpowiedzi
Odpowiedź % Poprawnych
Viktor
81%
Skye
78%
Androxus
76%
Makoa
75%
Maeve
74%
Bomb King
73%
Kinessa
73%
Strix
73%
Ash
72%
Grover
71%
Tyra
71%
Fernando
70%
Barik
68%
Pip
68%
Ruckus
66%
Cassie
65%
Io
64%
Lex
64%
Seris
64%
Zhin
64%
Evie
63%
Inara
63%
Mal Damba
63%
Drogoz
62%
Furia
61%
Khan
60%
Jenos
59%
Terminus
59%
Torvald
59%
Ying
59%
Buck
58%
Vivian
56%
Grohk
54%
Lian
53%
Atlas
52%
Imani
51%
Koga
50%
Sha Lin
50%
Raum
49%
Talus
48%
Willo
48%
Tiberius
44%
Moji
42%
Dredge
40%
Nie znaleziono quizów pasujących do podanych kryteriów
Rozkład punktacji
Procent ludzi z każdym wynikiem
Percentyl według liczby udzielonych odpowiedzi
Twoja historia wyników
Nie rozwiązałeś tego quizu